Estatísticas para Ciências 8

Clique aqui para jogar o quiz

Estatísticas Gerais

  • Esse quiz foi jogado 25 vezes
  • A pontuação média é 6 de 21

Estatísticas das Respostas

HintResposta% Correto
Que ramo da biologia que estuda os micróbios?Microbiologia
71%
Qual a droga que dá energia, autoconfiança, euforia, indiferença à dor e à fadiga, depressão, hemorragia nasal?Cocaína
58%
Que nome damos à dependência do tabaco?Tabagismo
58%
Que nome damos à dependência do álcool?Alcoolismo
54%
Que nome damos aos seres vivos que são apenas visíveis ao microscópio e que se encontram no ar, na água, nos alimentos e nos objetos?Micróbios
54%
O que é uma substância natural ou sintética que introduzida no organismo altera uma ou várias das suas funções, causando dependência física ou psíquica.Droga
50%
Qual a droga que dá euforia, alucinações, riso incontrolável, insónia, suores, tremores?LSD
33%
Qual é a doença inflamatória do fígado provocada por vírus?Hepatite
29%
Qual a droga que dá prazer, euforia, calor, descoordenação de movimentos, vómito, coma, morte?Heroína
25%
O que são constituídas por micróbios patogénicos mortos ou enfraquecidos ou por substâncias químicas semelhantes às toxinas que produzem para o organismo produzir anticorpos contra esses micróbios?Vacinas
25%
O que é um estado de completo bem-estar físico, psíquico e social de um indivíduo, e não só a ausência de doença?Saúde
21%
Qual é a doença causada por uma bactéria que afeta principalmente os pulmões?Tuberculose
21%
Qual a droga que dá euforia, ansiedade, vómito, desmaio, morte por desidratação?Ecstasy
17%
Qual é a doença contagiosa que causada pelo vírus da imunodeficiência humana (VIH) que ataca o sistema imunitário, ficando assim o organismo sem capacidade de se defender contra outras infeções que podem causar a morte?Sida
17%
Que nome damos ao ato de destruir micróbios através de temperaturas elevadas ou de produtos químicos?Esterilização
13%
Como se chamam os micróbios que causam doenças?Micróbios patogénicos
13%
Que nome damos a uma pessoa que é dependente das drogas?Toxicodependente
13%
Que nome damos à destruição do desenvolvimento de micróbios que entraram em contato com um organismo, objeto ou local, através do calor ou de substâncias químicas?Desinfecção
8%
Que nome damos a um conjunto de normas e atitudes para criar condições favoráveis à saúde?Higiene
8%
Qual é a doença que pode afetar várias regiões do corpo?Cancro
4%
Qual a droga que dá euforia, relaxamento, letargia, vertigens, danos permanentes na memória?Haxixe
4%

Distribuição das Pontuações

Percentil de Números Respondidos

Porcentagem de Pessoas com Cada Pontuação

Sua Pontuação Histórica

Você não jogou esse quiz